00574nam a2200193 a 4500001001300000003000900013005001700022008004100039020002400080082001600104100001900120245008100139260002600220300000900246500003500255505003900290650003200329700001900361nice12345678IN_TiNIC20260116013854.0050524s1988 leia grp 000 0 eng  a9004009 c369000a181.07bGUT aGutas, Dimitri aAvicenna and the Aristotelian Traditionb Introduction to Reading Avicenna`s aLeiden bBrill c1988 a336p aincludes index and biblioraphy2 aStudies in Islamic law and Society aPhilosophy-Islamic Avicenna1 aGutas, Dimitri